00924 2200313 4500001002100000005001700021008004100038020002200079035002400101040001200125041000800137082001600145084001400161090001600175245015700191250001100348260003500359300003100394440001700425650002300442700001000465700003200475700001600507700002100523850001200544990001800556990001800574990001800592INLIS00000000003152020171012084429.0  a978-602-367-129-8 0010-101700000000198 aYOPDYOG0 aind042[23]a741.5 a741.5 Exo aK 741.5 Exo1 aEXODUSc/ gambar, Mauly...[et.al]; cerita, Malaika Yasmin Putri Kusuma...[et.al]; penyunting ilustrasi, Rony Amdani; penyunting naskah, Wiwit Wijiastuti aCet. 2 aBandungbMuffin Graphicsc2016 a95 hlm.b: ilus.c; 21 cm. aKomik next G 4aBacaan kanak-kanak0 aMauly0 aMalaika Yasmin Putri Kusuma0 aRony Amdani0 aWiwit Wijiastuti aYOPDYOG a28939-PD/B.17 a28940-PD/B.17 a28941-PD/B.17